Top 16 Greatest Generals in History - Statistics

General Stats
  • This quiz has been taken 140 times
    89 since last reset
  • The average score is 10 of 16
Answer Stats
Hint Answer % Correct
The Most Famous Roman General Julius Caesar
94%
Known for Conquering the Persian Empire Alexander the Great
92%
Known as the Greatest General in History Napoleon
92%
Defeated The British Empire for US Independence George Washington
87%
Lead Carthage in the Second Punic War Hannibal
87%
Conquered 18% of the World's Landmass Genghis Khan
84%
Known as the man who Defeated Hannibal Scipio
66%
King of Prussia & made the Oblique Order Famous Frederick the Great
62%
The Soviet General who defeated the Nazi Regime Zhukov
62%
United Western and Central Europe Charlemagne
57%
Capturing Jerusalem from the Crusaders Saladin
47%
The King who Made Sweden a Major European Power Gustav
45%
Hitler's Greatest General planned the "sickle cut" Erich von Manstein
27%
Nicknamed "Black Jack" After the war of 1898 Pershing
25%
Defeated Napoleon & was a British Prime Minister Wellesley
22%
Known as the Unbeatable General in History Khalid
17%
No matching quizzes found
Score Distribution
Percent of People with Each Score
Percentile by Number Answered
Your Score History
You have not taken this quiz since the last reset